| 000 | 00839nam a22002411c 4500 | ||
|---|---|---|---|
| 001 | ht017556363 | ||
| 008 | 130722s2013 gw |||| 000u ger d | ||
| 020 |
_a9783631617601 _9978-3-6316-1760-1 |
||
| 041 | _ager | ||
| 245 | 0 | 0 |
_aMännlichkeitskonstruktionen im Nationalsozialismus : _bFormen, Funktionen und Wirkungsmacht von Geschlechterkonstruktionen im Nationalsozialismus und ihre Reflexion in der pädagogischen Praxis |
| 264 |
_aFrankfurt am Main [u.a.] : _bLang, _c2013 |
||
| 300 | _a290 S. | ||
| 650 | 0 | _aNationalsozialismus | |
| 650 | 0 | _aMännlichkeit | |
| 650 | 0 | _aSoziale Konstruktion | |
| 655 | 0 | _aAufsatzsammlung | |
| 700 | 1 |
_aDietrich, Anette _eHerausgeberIn |
|
| 700 | 1 |
_aHeise, Ljiljana _eHerausgeberIn |
|
| 942 | _cMG | ||
| 040 | _cRU-10907106 | ||
| 003 | RU-10907106 | ||
| 999 |
_c25208 _d25208 |
||
| 490 | 0 |
_aZivilisationen & Geschichte _v18 |
|